[Event "VI Festival B"]
[Site "Amantea ITA"]
[Date "2008.09.02"]
[Round "3"]
[White "Alagia, Pietro"]
[Black "Mazzuca, Aldo"]
[Result "0-1"]
[WhiteElo "1706"]
[BlackElo "1425"]
[PlyCount "66"]
[EventDate "2008.08.31"]

1. d4 d5 2. Nf3 Nf6 3. Nc3 Bf5 4. g3 g6 5. Bg2 Bg7 6. O-O O-O 7. Bg5 Nbd7 8.
Ne5 c6 9. Re1 Nxe5 10. dxe5 Nd7 11. e4 dxe4 12. Bxe4 Be6 13. Bd3 Nxe5 14. Re3
Bg4 15. Be2 Qxd1+ 16. Rxd1 Bxe2 17. Nxe2 e6 18. b3 h6 19. Bxh6 Ng4 20. Bxg7
Nxe3 21. Bxf8 Nxd1 22. Ba3 Rd8 23. Bc1 b5 24. Bf4 b4 25. Bc7 Rd2 26. Kf1 Rxc2
27. Ke1 Nc3 28. Nd4 Rxa2 29. Nxc6 Nd5 30. Ba5 a6 31. h4 Rb2 32. Nb8 Rxb3 33.
Nxa6 Ra3 0-1

[Event "VI Festival B"]
[Site "Amantea ITA"]
[Date "2008.09.02"]
[Round "3"]
[White "Altomonte, Giuseppe"]
[Black "Carlomagno, Vincenzo"]
[Result "1-0"]
[WhiteElo "1779"]
[BlackElo "1422"]
[PlyCount "73"]
[EventDate "2008.08.31"]

1. d4 Nf6 2. c4 e6 3. Nc3 Bb4 4. Qc2 O-O 5. Bg5 d5 6. e3 Nbd7 7. Nf3 h6 8. Bh4
c6 9. Bd3 Qa5 10. Nd2 Be7 11. O-O Re8 12. f4 Ng4 13. Bf2 Nxf2 14. Rxf2 Nf6 15.
h3 Bd7 16. Nf3 dxc4 17. Bxc4 Nd5 18. Qd2 Bb4 19. Rc1 b5 20. Bb3 Rac8 21. Ne5
Nf6 22. Qd3 c5 23. dxc5 Bxc5 24. Nxd7 Nxd7 25. Ne4 Red8 26. Rf3 Ne5 27. Qe2
Nxf3+ 28. Qxf3 Be7 29. Rf1 Rc7 30. f5 e5 31. f6 Bf8 32. Qg4 g6 33. Qxg6+ Kh8
34. Bxf7 Rxf7 35. Qxf7 Qb6 36. Rf3 Qc6 37. Rg3 1-0

[Event "VI Festival B"]
[Site "Amantea ITA"]
[Date "2008.09.02"]
[Round "3"]
[White "Cannataro, Luciano"]
[Black "Scalise, Sandro"]
[Result "1-0"]
[WhiteElo "1795"]
[BlackElo "1571"]
[PlyCount "47"]
[EventDate "2008.08.31"]

1. d4 Nf6 2. c4 e6 3. Nf3 b6 4. Bg5 h6 5. Bxf6 Qxf6 6. e3 Bb7 7. Be2 Bb4+ 8.
Nbd2 d5 9. cxd5 Bxd5 10. O-O O-O 11. Ne5 Qg5 12. Ndf3 Qe7 13. Qa4 f6 14. Ng6
Qd6 15. Nxf8 Qxf8 16. Qc2 Bd6 17. e4 Bb7 18. Bc4 Bc8 19. e5 Be7 20. d5 Qf7 21.
Qb3 b5 22. Qxb5 Ba6 23. dxe6 Qxe6 24. Bxe6+ 1-0

[Event "VI Festival B"]
[Site "Amantea ITA"]
[Date "2008.09.02"]
[Round "3"]
[White "Caporale, Giuseppe Guido"]
[Black "Russo, Carmelo"]
[Result "1-0"]
[WhiteElo "1820"]
[BlackElo "1748"]
[PlyCount "43"]
[EventDate "2008.08.31"]

1. e4 c6 2. d4 d5 3. exd5 cxd5 4. c4 Nf6 5. Nc3 e6 6. Nf3 Bb4 7. c5 Bxc3+ 8.
bxc3 Qa5 9. Bd2 Ne4 10. Bd3 Nxd2 11. Qxd2 Nd7 12. O-O Nf6 13. Rfe1 Bd7 14. Ne5
O-O 15. Qe3 Be8 16. Qh3 g6 17. Bc2 Rc8 18. Re3 b6 19. Qh6 bxc5 20. Rh3 cxd4 21.
Ng4 Nh5 22. Rxh5 1-0

[Event "VI Festival B"]
[Site "Amantea ITA"]
[Date "2008.09.02"]
[Round "3"]
[White "Chiappetta, Dario"]
[Black "Carrozza, Gregorio"]
[Result "1-0"]
[WhiteElo "1745"]
[BlackElo "1580"]
[PlyCount "47"]
[EventDate "2008.08.31"]

1. e4 e5 2. Nf3 Nc6 3. Nc3 Nf6 4. Bb5 Bc5 5. Nxe5 O-O 6. Nxc6 bxc6 7. Be2 Qe7
8. d3 h6 9. O-O a5 10. Na4 Ba7 11. Re1 d6 12. Bf3 Rb8 13. Bd2 Bb6 14. Bc3 Nh7
15. Qd2 Ng5 16. Be2 Ra8 17. Nxb6 cxb6 18. f4 Ne6 19. a4 c5 20. Qe3 Bd7 21. f5
Nc7 22. f6 gxf6 23. Qxh6 Ne8 24. Rf1 1-0

[Event "VI Festival B"]
[Site "Amantea ITA"]
[Date "2008.09.02"]
[Round "3"]
[White "De Caro, Nicola"]
[Black "Nicoletta, Adamo"]
[Result "1-0"]
[WhiteElo "1635"]
[BlackElo "1413"]
[PlyCount "77"]
[EventDate "2008.08.31"]

1. d4 d5 2. Nf3 Nf6 3. e3 Nc6 4. c3 e6 5. Bd3 Bd6 6. Nbd2 O-O 7. O-O Re8 8. Qe2
e5 9. dxe5 Nxe5 10. Nxe5 Bxe5 11. h3 b6 12. Nf3 Qd6 13. Rd1 Bb7 14. Nh4 g6 15.
Qc2 c5 16. f4 Bxf4 17. exf4 Qe7 18. Bd2 Rad8 19. Bb5 Rf8 20. Re1 Ne4 21. Nf3 c4
22. Be3 Rd6 23. Qc1 f5 24. Bd4 Qf7 25. Ne5 Qc7 26. Re3 a6 27. Ba4 b5 28. Bc2
Nf6 29. Qe1 Rdd8 30. Qf2 Bc8 31. Rae1 Rfe8 32. Qh4 Re6 33. Nxc4 Ne4 34. Ne5 a5
35. Bxe4 dxe4 36. Rg3 b4 37. Nxg6 hxg6 38. Qh8+ Kf7 39. Qg7+ 1-0

[Event "VI Festival B"]
[Site "Amantea ITA"]
[Date "2008.09.02"]
[Round "3"]
[White "Gad, Alessandro"]
[Black "Moscarelli, Giacomo"]
[Result "1/2-1/2"]
[WhiteElo "1548"]
[BlackElo "1634"]
[PlyCount "118"]
[EventDate "2008.08.31"]

1. c4 e5 2. Nc3 d6 3. g3 g6 4. Bg2 Bg7 5. Rb1 Nf6 6. d3 a6 7. Nf3 c5 8. Bg5 h6
9. Bxf6 Bxf6 10. Nd5 O-O 11. O-O Bg7 12. Ne1 Nc6 13. e3 Rb8 14. a4 a5 15. Nc2
Bd7 16. Na3 Nb4 17. Nb5 Bxb5 18. axb5 Nxd5 19. Bxd5 Kh7 20. f4 Qe7 21. f5 Qg5
22. Qf3 Qxf5 23. Qxf5 gxf5 24. Rxf5 f6 25. b3 b6 26. Rbf1 Rbe8 27. Kf2 Re7 28.
Kf3 Bh8 29. g4 Kg6 30. Ke4 Rh7 31. Rh5 Bg7 32. Be6 Rhh8 33. Kd5 Rb8 34. h4 Rhd8
35. Rhf5 Rb7 36. g5 hxg5 37. hxg5 fxg5 38. Bf7+ Kh7 39. Rxg5 Bh6 40. Kc6 Re7
41. Rh5 Kg7 42. Rhf5 Rf8 43. Kxb6 Rfxf7 44. Rxf7+ Rxf7 45. Rxf7+ Kxf7 46. Kc7
Bxe3 47. b6 Bf4 48. b7 d5 49. cxd5 e4+ 50. d6 Ke6 51. dxe4 Bxd6+ 52. Kc8 Ke5
53. b8=Q Bxb8 54. Kxb8 Kxe4 55. Kc7 a4 56. bxa4 c4 57. a5 c3 58. a6 c2 59. a7
c1=Q+ 1/2-1/2

[Event "VI Festival B"]
[Site "Amantea ITA"]
[Date "2008.09.02"]
[Round "3"]
[White "Grudina, Marco"]
[Black "Rametta, Marcello"]
[Result "1/2-1/2"]
[WhiteElo "1897"]
[BlackElo "1723"]
[PlyCount "43"]
[EventDate "2008.08.31"]

1. e4 c5 2. Nf3 Nc6 3. d4 cxd4 4. Nxd4 Nxd4 5. Qxd4 e6 6. Nc3 a6 7. Be3 b5 8.
a3 Bb7 9. Be2 Rc8 10. O-O Nf6 11. Qb6 Qxb6 12. Bxb6 Nxe4 13. Bd4 Bc5 14. Bxc5
Nxc3 15. bxc3 Rxc5 16. a4 O-O 17. axb5 axb5 18. Ra5 Rxc3 19. Rxb5 Ba6 20. Re5
Bxe2 21. Rxe2 Rfc8 22. Rc1 1/2-1/2

[Event "VI Festival B"]
[Site "Amantea ITA"]
[Date "2008.09.02"]
[Round "3"]
[White "Ielapi, Gianbattista"]
[Black "Bellisario, Carlo"]
[Result "1-0"]
[WhiteElo "1686"]
[BlackElo "1673"]
[PlyCount "107"]
[EventDate "2008.08.31"]

1. d4 d5 2. Nf3 Nf6 3. e3 e6 4. Bd3 Nbd7 5. Nbd2 Be7 6. O-O O-O 7. b3 b6 8. Bb2
Bb7 9. Ne5 Ne4 10. f3 Nxd2 11. Qxd2 f6 12. Nxd7 Qxd7 13. c4 c5 14. dxc5 Bxc5
15. b4 Bd6 16. Rac1 dxc4 17. Rxc4 Rad8 18. Rd1 Qe7 19. a3 Ba6 20. Rd4 Bxd3 21.
Rxd3 Bc7 22. Kf2 Rxd3 23. Qxd3 Rd8 24. Qc2 Rxd1 25. Qxd1 Bxh2 26. g3 Qf7 27.
Kg2 Bxg3 28. Kxg3 Qg6+ 29. Kf2 Qg5 30. Qd8+ Kf7 31. Qd7+ Kg6 32. Qxe6 Qh4+ 33.
Kg2 Qe1 34. Qg4+ Kf7 35. Qc4+ Kg6 36. Qd3+ Kf7 37. e4 h5 38. Qf1 Qd2+ 39. Qf2
Qg5+ 40. Kf1 Qb5+ 41. Kg2 Qg5+ 42. Kh3 Qf4 43. Qg3 Qd2 44. Qc7+ Kg6 45. Qg3+
Kf7 46. Qg2 Qf4 47. Qe2 g5 48. Qf2 g4+ 49. Kg2 h4 50. fxg4 h3+ 51. Kf1 Qd6 52.
Kg1 Qe6 53. Qf5 Qd6 54. Qd5+ 1-0

[Event "VI Festival B"]
[Site "Amantea ITA"]
[Date "2008.09.02"]
[Round "3"]
[White "Ielapi, Vito"]
[Black "Berardi, Emiliano"]
[Result "1-0"]
[WhiteElo "1890"]
[BlackElo "1440"]
[PlyCount "33"]
[EventDate "2008.08.31"]

1. d4 d5 2. Nf3 c6 3. e3 Nf6 4. Nbd2 Bg4 5. Bd3 e6 6. O-O Bd6 7. Re1 O-O 8. e4
dxe4 9. Nxe4 Nxe4 10. Rxe4 Bf5 11. Rh4 Be7 12. Rf4 g5 13. Rxf5 exf5 14. Bxf5
Qd5 15. Ne5 Rd8 16. Qh5 Bf6 17. c4 1-0

[Event "VI Festival B"]
[Site "Amantea ITA"]
[Date "2008.09.02"]
[Round "3"]
[White "Levato, Biagio"]
[Black "Carbone, Stefano"]
[Result "0-1"]
[WhiteElo "1501"]
[BlackElo "1620"]
[PlyCount "64"]
[EventDate "2008.08.31"]

1. e4 g6 2. Nf3 Bg7 3. g3 d6 4. Bg2 Nf6 5. d3 O-O 6. O-O Nc6 7. Nbd2 e5 8. c3
d5 9. exd5 Nxd5 10. Re1 Nb6 11. Nf1 Bf5 12. Nh4 Bxd3 13. Be3 Bxf1 14. Rxf1 Qxd1
15. Raxd1 Rfd8 16. Nf3 Nc4 17. Bc1 Rxd1 18. Rxd1 Rd8 19. Rxd8+ Nxd8 20. b3 Nd6
21. Bb2 e4 22. Ne1 f5 23. Nc2 Nb5 24. Nd4 Nxd4 25. cxd4 c5 26. Bf1 cxd4 27.
Bc4+ Kh8 28. Kf1 d3 29. Bxg7+ Kxg7 30. Ke1 Nf7 31. f4 Nd6 32. a4 Nxc4 0-1

[Event "VI Festival B"]
[Site "Amantea ITA"]
[Date "2008.09.02"]
[Round "3"]
[White "Lorenzotti, Fabrizio"]
[Black "Alo', Lucio"]
[Result "1-0"]
[WhiteElo "1712"]
[BlackElo "1454"]
[PlyCount "73"]
[EventDate "2008.08.31"]

1. e4 e5 2. Nf3 Nc6 3. d4 exd4 4. Bc4 h6 5. c3 dxc3 6. Nxc3 Bc5 7. Bxf7+ Kxf7
8. Qd5+ Ke8 9. Qxc5 d6 10. Qh5+ Kf8 11. Nd5 Be6 12. Bg5 Qd7 13. h3 Bxd5 14.
exd5 Re8+ 15. Be3 Nf6 16. dxc6 Qxc6 17. Qf5 Qb6 18. O-O Qb4 19. Bd4 Kf7 20.
Rac1 c5 21. Bxf6 gxf6 22. Qd7+ Re7 23. Qxd6 b6 24. Qd5+ Kg7 25. b3 Rhe8 26. Qd3
Re2 27. Rc4 Qa3 28. Rg4+ Kf7 29. Qh7+ Ke6 30. Re4+ Rxe4 31. Qxe4+ Kf7 32. Qh7+
Kf8 33. Qxh6+ Kf7 34. Rd1 Re7 35. Qh5+ Kg7 36. Nh4 Rc7 37. Nf5+ 1-0

[Event "VI Festival B"]
[Site "Amantea ITA"]
[Date "2008.09.02"]
[Round "3"]
[White "Mileo, Miguelito"]
[Black "Sansosti, Simona"]
[Result "1-0"]
[WhiteElo "1617"]
[BlackElo "1425"]
[PlyCount "37"]
[EventDate "2008.08.31"]

1. d4 d5 2. Bf4 Nf6 3. e3 e6 4. Nf3 Nbd7 5. Bd3 Bb4+ 6. c3 Be7 7. Nbd2 O-O 8.
Ne5 c5 9. Qf3 c4 10. Bc2 Qe8 11. Qh3 Ne4 12. f3 Nxe5 13. dxe5 Bg5 14. fxe4 d4
15. Bxg5 d3 16. Bd1 b5 17. O-O Qc6 18. Qg3 g6 19. Bf6 1-0

[Event "VI Festival B"]
[Site "Amantea ITA"]
[Date "2008.09.02"]
[Round "3"]
[White "Paese, Salvatore"]
[Black "Costabile, Vincenzo"]
[Result "0-1"]
[WhiteElo "1324"]
[BlackElo "1536"]
[PlyCount "82"]
[EventDate "2008.08.31"]

1. Nf3 Nf6 2. g3 g6 3. Bg2 Bg7 4. b3 Ne4 5. d4 c5 6. Bb2 Qa5+ 7. c3 cxd4 8.
Nxd4 d5 9. O-O O-O 10. Qd3 e5 11. b4 Qd8 12. Nf3 Bf5 13. Qd1 Nc6 14. Nbd2 Nd6
15. Re1 e4 16. Nd4 Be6 17. Nxe6 fxe6 18. f3 exf3 19. Nxf3 Nc4 20. Qc1 Qb6+ 21.
Kh1 Ne7 22. a4 Nf5 23. a5 Qc7 24. Ba3 Rac8 25. e4 Bh6 26. Qb1 Nfe3 27. b5 Nxg2
28. Kxg2 Rxf3 29. Bc1 Bxc1 30. Qxc1 Rcf8 31. Ra2 Nxa5 32. exd5 Rxc3 33. Qd2 Nb3
34. Qe2 Nd4 35. Qg4 Nf5 36. Rxe6 Ne3+ 37. Rxe3 Rxe3 38. Rxa7 Qc2+ 39. Kh3 Re2
40. Kh4 Rxh2+ 41. Kg5 h6# 0-1

[Event "VI Festival B"]
[Site "Amantea ITA"]
[Date "2008.09.02"]
[Round "3"]
[White "Vatta, Marino"]
[Black "Galasso, Luciano"]
[Result "0-1"]
[WhiteElo "1634"]
[BlackElo "1548"]
[PlyCount "100"]
[EventDate "2008.08.31"]

1. d4 Nf6 2. c4 g6 3. Nc3 Bg7 4. e4 d6 5. Nf3 O-O 6. Be2 e5 7. d5 Nbd7 8. O-O
a5 9. Qc2 Nc5 10. h3 Nh5 11. Na4 Nxa4 12. Qxa4 f5 13. Nd2 f4 14. Qd1 Nf6 15.
Nf3 Nxe4 16. Bd3 Ng5 17. Nxg5 Qxg5 18. Qf3 Rf7 19. Kh2 Qh4 20. Kg1 Bf8 21. Be4
Rg7 22. g4 Bf5 23. Kh2 Bxe4 24. Qxe4 Be7 25. Bd2 Rf8 26. Qg2 b6 27. f3 Bg5 28.
Be1 Qh6 29. Bf2 Bh4 30. Rae1 Qg5 31. Re4 Qe7 32. b3 Kh8 33. Rg1 Bg5 34. Qf1
Rfg8 35. Qe1 h5 36. h4 hxg4 37. hxg5 gxf3 38. Rg4 Rh7+ 39. Bh4 Kg7 40. Rgxf4
Qxg5 41. Rg4 Rxh4+ 42. Qxh4 Qd2+ 43. Kg1 Rf8 44. Qf2 Qd1+ 45. Re1 Qd3 46. Re3
Qd1+ 47. Kh2 Rh8+ 48. Rh4 Rxh4+ 49. Qxh4 Qd2+ 50. Re2 Qxe2+ 0-1

[Event "VI Festival B"]
[Site "Amantea ITA"]
[Date "2008.09.03"]
[Round "4"]
[White "Bellisario, Carlo"]
[Black "Alo', Lucio"]
[Result "1/2-1/2"]
[WhiteElo "1673"]
[BlackElo "1454"]
[PlyCount "153"]
[EventDate "2008.08.31"]

1. e4 e5 2. Nf3 Nc6 3. Bb5 Nge7 4. O-O d6 5. d4 exd4 6. Nxd4 Bd7 7. Nxc6 Nxc6
8. Be3 Be7 9. Nc3 O-O 10. Nd5 Bf6 11. Nxf6+ Qxf6 12. c3 Qg6 13. f3 Bh3 14. Qe2
Ne5 15. Kh1 Be6 16. f4 Bg4 17. Qf2 Bd7 18. f5 Qf6 19. Bxd7 Nxd7 20. Bd4 Ne5 21.
Rad1 Rfe8 22. Qg3 c5 23. Be3 Nc4 24. b3 Nxe3 25. Qxe3 Re5 26. Rd5 Rae8 27. Rxe5
Rxe5 28. c4 Qh4 29. Rf4 Qf6 30. a4 Re8 31. g4 Qa1+ 32. Kg2 Qd1 33. Qf3 Qc2+ 34.
Kg3 b6 35. h4 Qc1 36. Kh3 Rb8 37. g5 Qb2 38. h5 f6 39. g6 h6 40. Rg4 Qe5 41.
Qd3 Kh8 42. Kg2 Qb2+ 43. Kf3 Qe5 44. Rg2 Rd8 45. Re2 Qd4 46. Kg2 Qe5 47. Qe3
Qa1 48. Rd2 Qe5 49. Rd5 Qe7 50. Kf3 Kg8 51. Qf4 Qf8 52. Kg4 Qe7 53. Kf3 Kf8 54.
Kg4 Kg8 55. Kf3 Qc7 56. Kg4 Qb8 57. Kf3 Qc7 58. Kg4 a6 59. Kf3 Qd7 60. Kg4 Qe7
61. Kf3 Qd7 62. Kg4 Qc7 63. Kf3 Qb7 64. Kg4 Qc7 65. Kf3 Qc6 66. Kg4 Qc7 67. Kf3
Qe7 68. Kg4 Kh8 69. Kf3 Rd7 70. Kg4 Rd8 71. Kf3 a5 72. Kg4 Qc7 73. Kf3 Qb8 74.
Kg4 Rd7 75. Kf3 Qd8 76. Kg4 Qe7 77. Kf3 1/2-1/2

[Event "VI Festival B"]
[Site "Amantea ITA"]
[Date "2008.09.03"]
[Round "4"]
[White "Berardi, Emiliano"]
[Black "Vatta, Marino"]
[Result "1-0"]
[WhiteElo "1440"]
[BlackElo "1634"]
[PlyCount "65"]
[EventDate "2008.08.31"]

1. e4 c6 2. d4 d5 3. Nc3 e6 4. Nf3 Ne7 5. Bd3 Ng6 6. O-O Be7 7. Ne2 dxe4 8.
Bxe4 Nd7 9. Ng3 Nf6 10. Bxg6 hxg6 11. Ne5 Qc7 12. Re1 Bd6 13. Bg5 c5 14. c3 O-O
15. Bxf6 gxf6 16. Nf3 Bd7 17. Qd2 Kg7 18. dxc5 Bxc5 19. Ne4 Be7 20. Rad1 Rad8
21. Qe2 Rh8 22. Ng3 a6 23. Qc2 Rh7 24. Rd2 Rdh8 25. Red1 Bc6 26. Nd4 Bd5 27. h3
e5 28. Ndf5+ gxf5 29. Nxf5+ Kf8 30. Nxe7 Be6 31. Nf5 Bxf5 32. Qxf5 Rh5 33. Qxf6
1-0

[Event "VI Festival B"]
[Site "Amantea ITA"]
[Date "2008.09.03"]
[Round "4"]
[White "Carbone, Stefano"]
[Black "Altomonte, Giuseppe"]
[Result "1/2-1/2"]
[WhiteElo "1620"]
[BlackElo "1779"]
[PlyCount "94"]
[EventDate "2008.08.31"]

1. e4 c5 2. Nf3 Nc6 3. d4 cxd4 4. Nxd4 Nf6 5. Nc3 g6 6. Be3 Bg7 7. Bc4 O-O 8.
Bb3 a6 9. f3 Na5 10. Qd2 Nxb3 11. Nxb3 Qc7 12. O-O-O d6 13. Nd5 Nxd5 14. exd5
Bd7 15. Bh6 Rac8 16. Bxg7 Kxg7 17. g4 Qc4 18. Kb1 f5 19. g5 Qh4 20. Qd4+ Qxd4
21. Rxd4 Rh8 22. Re1 Kf7 23. h4 h6 24. f4 hxg5 25. hxg5 Rh2 26. c3 Rch8 27. Rf1
Rg2 28. Rd2 Rxd2 29. Nxd2 Rh2 30. Nf3 Rg2 31. Nd4 e5 32. dxe6+ Bxe6 33. Nxe6
Kxe6 34. Re1+ Kd5 35. Re7 Rf2 36. Rxb7 Rxf4 37. Rg7 Rg4 38. Rxg6 f4 39. Rf6 Ke4
40. g6 f3 41. Kc2 Ke3 42. Re6+ Kf2 43. Rxd6 Kg2 44. Rxa6 f2 45. Rf6 Rg3 46.
Rxf2+ Kxf2 47. a4 Ke3 1/2-1/2

[Event "VI Festival B"]
[Site "Amantea ITA"]
[Date "2008.09.03"]
[Round "4"]
[White "Carlomagno, Vincenzo"]
[Black "Fittante, Enrico"]
[Result "1-0"]
[WhiteElo "1422"]
[BlackElo "1518"]
[PlyCount "71"]
[EventDate "2008.08.31"]

1. e4 c6 2. d4 d5 3. Nc3 dxe4 4. Nxe4 Nf6 5. Nxf6+ exf6 6. c3 Bd6 7. Nf3 O-O 8.
Be2 Na6 9. O-O Nc7 10. Qc2 Bg4 11. Re1 Nd5 12. h3 Bh5 13. Nh2 Re8 14. Be3 Nxe3
15. fxe3 Bg6 16. Bd3 Bh5 17. Bxh7+ Kh8 18. g4 Bg6 19. Bxg6 fxg6 20. Qxg6 Bg3
21. Re2 Qc7 22. Qc2 Bxh2+ 23. Rxh2 Qg3+ 24. Rg2 Qxe3+ 25. Qf2 Qe4 26. Rf1 Re7
27. Qf5 Qe3+ 28. Rff2 Rae8 29. Qf3 Qe1+ 30. Rf1 Qh4 31. Qg3 Qg5 32. h4 Qd5 33.
g5 fxg5 34. hxg5 g6 35. Rh2+ Kg7 36. Qh4 1-0

[Event "VI Festival B"]
[Site "Amantea ITA"]
[Date "2008.09.03"]
[Round "4"]
[White "Carrozza, Gregorio"]
[Black "Russo, Carmelo"]
[Result "1-0"]
[WhiteElo "1580"]
[BlackElo "1748"]
[PlyCount "87"]
[EventDate "2008.08.31"]

1. e4 c6 2. d4 d5 3. e5 Bf5 4. Bd3 Bxd3 5. Qxd3 e6 6. f4 Ne7 7. Ne2 Nf5 8. Be3
Na6 9. c3 Qb6 10. b3 c5 11. Bf2 Rc8 12. Nd2 Be7 13. O-O cxd4 14. Nxd4 Nxd4 15.
Bxd4 Bc5 16. Nf3 Bxd4+ 17. cxd4 Nb4 18. Qd1 O-O 19. a3 Nc2 20. Qd3 h6 21. Ra2
Qa6 22. Qxa6 bxa6 23. Rc1 Ne3 24. Rc5 Rxc5 25. dxc5 Rc8 26. b4 Nf5 27. Kf2 Ne7
28. Nd4 Nc6 29. Nxc6 Rxc6 30. Ke3 Kf8 31. Kd4 f5 32. exf6 gxf6 33. Rb2 Kf7 34.
a4 Kg6 35. g4 h5 36. h3 Rc7 37. b5 axb5 38. axb5 hxg4 39. hxg4 Kf7 40. c6 Ke7
41. Kc5 Kd8 42. Rh2 Rg7 43. Rh8+ Kc7 44. Ra8 1-0

[Event "VI Festival B"]
[Site "Amantea ITA"]
[Date "2008.09.03"]
[Round "4"]
[White "Chiappetta, Dario"]
[Black "Caporale, Giuseppe Guido"]
[Result "1-0"]
[WhiteElo "1745"]
[BlackElo "1820"]
[PlyCount "153"]
[EventDate "2008.08.31"]

1. e4 d5 2. exd5 Qxd5 3. Nc3 Qd6 4. d4 Nf6 5. Nge2 a6 6. Bf4 Qd8 7. Ng3 Nc6 8.
Bc4 e6 9. d5 Na5 10. Qe2 Nxc4 11. Qxc4 Bd6 12. Bxd6 Qxd6 13. Rd1 O-O 14. O-O
exd5 15. Nxd5 Nxd5 16. Rxd5 Qb6 17. Qc3 Be6 18. Rd4 c5 19. Rd2 Rad8 20. Rfd1
Rxd2 21. Rxd2 Qc7 22. Nh5 f6 23. b3 Bf7 24. Ng3 Re8 25. Kf1 b6 26. Re2 Rxe2 27.
Kxe2 Qe7+ 28. Kf1 g6 29. Qd2 Kg7 30. h3 Qe5 31. c4 b5 32. cxb5 axb5 33. Ne2 Be8
34. Kg1 Bc6 35. Qf4 Qd5 36. Qc7+ Qd7 37. Qxd7+ Bxd7 38. Kf1 Kf7 39. Ke1 Ke7 40.
Kd2 Kd6 41. Nc3 Bc6 42. g3 g5 43. Ke3 Ke5 44. a4 bxa4 45. f4+ Kd6 46. bxa4
gxf4+ 47. Kxf4 c4 48. Ne4+ Kd5 49. Ke3 Bxa4 50. Nxf6+ Kc5 51. Nxh7 c3 52. Nf6
Bc2 53. h4 Kc4 54. g4 Bh7 55. Nd7 Kb4 56. h5 Ka3 57. Nc5 c2 58. Kd2 Kb2 59.
Na4+ Kb1 60. Nc3+ Kb2 61. Ne2 Kb3 62. g5 Bf5 63. Kc1 Kc4 64. g6 Kd5 65. h6 Bxg6
66. Nf4+ Ke5 67. Nxg6+ Kf6 68. Nh4 Kf7 69. Kxc2 Kg8 70. Kd3 Kh7 71. Nf5 Kg6 72.
Ke4 Kh7 73. Ke5 Kg6 74. Ke6 Kh7 75. Kf6 Kh8 76. Kg6 Kg8 77. Nd6 1-0

[Event "VI Festival B"]
[Site "Amantea ITA"]
[Date "2008.09.03"]
[Round "4"]
[White "Costabile, Vincenzo"]
[Black "Cannataro, Luciano"]
[Result "1-0"]
[WhiteElo "1536"]
[BlackElo "1795"]
[PlyCount "117"]
[EventDate "2008.08.31"]

1. e4 e5 2. Nf3 Nc6 3. Bb5 d6 4. d4 a6 5. Bxc6+ bxc6 6. dxe5 Bg4 7. exd6 Bxd6
8. h3 Bh5 9. O-O Nf6 10. g4 Qd7 11. e5 Bxg4 12. exd6 Bxh3 13. Re1+ Kf8 14. Ne5
Qxd6 15. Qxd6+ cxd6 16. Nxc6 Rc8 17. Nd4 Bg4 18. f3 Bh5 19. Bf4 d5 20. Nc3 Bg6
21. Bd6+ Kg8 22. Re5 h5 23. Nxd5 Nxd5 24. Rxd5 Kh7 25. Rc5 Ra8 26. Re1 Rhd8 27.
Rc6 Rd7 28. Re7 Rdd8 29. c3 Kh6 30. Bf4+ Kh7 31. Rcc7 Rd5 32. Ra7 Rxa7 33. Rxa7
Ra5 34. a3 h4 35. Nc6 Rf5 36. Bh2 Rg5+ 37. Kh1 h3 38. Rxa6 Bd3 39. Ra4 Bf1 40.
Rh4+ Kg8 41. Rg4 Bg2+ 42. Rxg2 Rxg2 43. b4 Ra2 44. Be5 Kf8 45. b5 Ke8 46. c4
Rxa3 47. f4 g6 48. b6 Rb3 49. c5 Kd7 50. Na5 Rb1+ 51. Kh2 f6 52. Bd6 g5 53. b7
Rxb7 54. Nxb7 g4 55. f5 Kc6 56. Nd8+ Kd7 57. Ne6 Kc6 58. Kg1 g3 59. Bxg3 1-0

[Event "VI Festival B"]
[Site "Amantea ITA"]
[Date "2008.09.03"]
[Round "4"]
[White "Galasso, Luciano"]
[Black "De Caro, Nicola"]
[Result "1-0"]
[WhiteElo "1548"]
[BlackElo "1635"]
[PlyCount "77"]
[EventDate "2008.08.31"]

1. d4 Nf6 2. c4 g6 3. Nc3 Bg7 4. e4 d6 5. f3 O-O 6. Nge2 e5 7. Be3 Nc6 8. d5
Ne7 9. Qd2 a6 10. Bh6 Nd7 11. g4 f5 12. gxf5 Nxf5 13. Bxg7 Nxg7 14. Qe3 Nh5 15.
O-O-O Qf6 16. Bg2 Nf4 17. Nxf4 exf4 18. Qd2 Ne5 19. h4 Nxc4 20. Qd4 Ne3 21.
Qxf6 Rxf6 22. Rdg1 h6 23. Bh3 Kf7 24. Nd1 Nc4 25. Kc2 Ne5 26. Rf1 Bd7 27. Bxd7
Nxd7 28. Nf2 Ne5 29. Ng4 Nxg4 30. fxg4 Re8 31. g5 Rxe4 32. gxf6 Kxf6 33. Kd3
Kf5 34. Rhg1 Re3+ 35. Kd2 Rh3 36. Rh1 Rxh1 37. Rxh1 Kg4 38. Ke2 Kg3 39. Rg1+
1-0

[Event "VI Festival B"]
[Site "Amantea ITA"]
[Date "2008.09.03"]
[Round "4"]
[White "Ielapi, Vito"]
[Black "Gad, Alessandro"]
[Result "1-0"]
[WhiteElo "1890"]
[BlackElo "1548"]
[PlyCount "33"]
[EventDate "2008.08.31"]

1. d4 Nf6 2. Nf3 e6 3. Nbd2 d5 4. e3 c5 5. c3 Nc6 6. Bd3 Bd6 7. O-O O-O 8. Re1
e5 9. dxc5 Bxc5 10. e4 Qb6 11. Re2 Ng4 12. Qe1 f5 13. exd5 e4 14. Bc4 Nce5 15.
Nxe5 Nxe5 16. b4 Be7 17. d6+ 1-0

[Event "VI Festival B"]
[Site "Amantea ITA"]
[Date "2008.09.03"]
[Round "4"]
[White "Lorenzotti, Fabrizio"]
[Black "Grudina, Marco"]
[Result "0-1"]
[WhiteElo "1712"]
[BlackElo "1897"]
[PlyCount "204"]
[EventDate "2008.08.31"]

1. e4 e5 2. Nf3 Nc6 3. d4 exd4 4. Bc4 Bc5 5. c3 Nf6 6. cxd4 Bb4+ 7. Bd2 Bxd2+
8. Nbxd2 d5 9. exd5 Nxd5 10. h3 Nb6 11. Qe2+ Qe7 12. Qxe7+ Nxe7 13. b3 O-O 14.
Ne5 Ned5 15. O-O Be6 16. Rfe1 Rad8 17. a3 Nf4 18. Nef3 Rfe8 19. Bxe6 Nxe6 20.
Rac1 c6 21. Nc4 Kf8 22. Nxb6 axb6 23. Red1 Nf4 24. Rc2 c5 25. Rcd2 Ne2+ 26. Kf1
Nc3 27. Rc1 Ne4 28. Rdd1 g6 29. b4 cxb4 30. axb4 Rc8 31. Rxc8 Rxc8 32. Ne5 Rd8
33. f3 Nc3 34. Rd3 Nd5 35. b5 Nc7 36. Nc4 Nxb5 37. d5 Nc7 38. Nxb6 Rd6 39. Rb3
Ne8 40. Na4 Rxd5 41. Rxb7 Ra5 42. Nb6 Kg7 43. Nc4 Rc5 44. Ne3 Nf6 45. Kf2 Nh5
46. Re7 Nf4 47. Kg3 Ne6 48. Rd7 h5 49. Kf2 Nf4 50. Kg3 Ne6 51. Kf2 Nf8 52. Rb7
Nh7 53. Re7 Kf8 54. Rb7 Nf6 55. Ra7 Rb5 56. Kg3 Rb3 57. Ra8+ Kg7 58. Kf2 Rb2+
59. Kf1 Nd7 60. Rc8 Ne5 61. Rc2 Rb3 62. Kf2 Nd3+ 63. Ke2 Nf4+ 64. Kf2 Ra3 65.
Kg3 Ne6 66. Kf2 Nd4 67. Rd2 Ne6 68. Nd5 Nc5 69. Ke2 Ra8 70. Ne3 Re8 71. Kf2 Ne6
72. Nd5 Rd8 73. Ke3 g5 74. Nc3 Re8 75. Kf2 Nf4 76. Ne4 Kg6 77. Rd6+ Ne6 78. g4
hxg4 79. hxg4 f6 80. Ra6 Rf8 81. Rxe6 Kg7 82. Re7+ Kg8 83. Re6 Kg7 84. Re7+ Kg6
85. Re6 Rf7 86. Kg3 Kg7 87. f4 gxf4+ 88. Kxf4 Rf8 89. Rxf6 Ra8 90. g5 Ra4 91.
Kf5 Ra5+ 92. Kf4 Rd5 93. Re6 Rd1 94. Re7+ Kf8 95. Re6 Rf1+ 96. Ke5 Kg7 97. Nf6
Re1+ 98. Kf4 Rxe6 99. Nh5+ Kg6 100. Nf6 Ra6 101. Ng4 Ra4+ 102. Ke5 Rxg4 0-1

[Event "VI Festival B"]
[Site "Amantea ITA"]
[Date "2008.09.03"]
[Round "4"]
[White "Mazzuca, Aldo"]
[Black "Scerra, Ezio"]
[Result "0-1"]
[WhiteElo "1425"]
[BlackElo "1359"]
[PlyCount "68"]
[EventDate "2008.08.31"]

1. e4 Nc6 2. Nc3 Nf6 3. Bc4 e6 4. a3 Bc5 5. h3 d5 6. exd5 Nxd5 7. Nxd5 exd5 8.
Qe2+ Be6 9. Bd3 Qf6 10. Nf3 Nd4 11. Nxd4 Bxd4 12. c3 Bc5 13. b4 Bb6 14. a4 a6
15. a5 Ba7 16. O-O O-O 17. Bc2 Rfe8 18. Qd1 Bd7 19. d4 Bb5 20. Re1 Rxe1+ 21.
Qxe1 Re8 22. Be3 Bb8 23. Ba4 Qd6 24. Bxb5 c6 25. Bxc6 Qh2+ 26. Kf1 bxc6 27. Rc1
Qh1+ 28. Ke2 Qxg2 29. Qf1 Qe4 30. Kd2 f5 31. Qd3 f4 32. Re1 fxe3+ 33. Rxe3 Bf4
34. f3 Bxe3+ 0-1

[Event "VI Festival B"]
[Site "Amantea ITA"]
[Date "2008.09.03"]
[Round "4"]
[White "Moscarelli, Giacomo"]
[Black "Mileo, Miguelito"]
[Result "0-1"]
[WhiteElo "1634"]
[BlackElo "1617"]
[PlyCount "48"]
[EventDate "2008.08.31"]

1. d4 e5 2. dxe5 Nc6 3. Nf3 Qe7 4. Bf4 Qb4+ 5. Bd2 Qxb2 6. Bc3 Bb4 7. Bxb4 Nxb4
8. Na3 Qxa3 9. e3 Qc3+ 10. Ke2 b6 11. Nd4 Ba6+ 12. Kf3 Bxf1 13. Rxf1 O-O-O 14.
Qe2 Qc5 15. a3 Nc6 16. Qa6+ Kb8 17. Nb5 h5 18. a4 Qc4 19. h3 h4 20. e4 Nxe5+
21. Kf4 Nc6 22. a5 Nf6 23. Rfe1 Nd5+ 24. Kf3 Ne5# 0-1